Informačná stratégia podniku diplomová práca

Na minha lista:
Detalhes bibliográficos
Autor principal: Chren, Vladislav
Autor Corporativo: Fakulta podnikového manažmentu EU. Katedra informačného manažmentu
Outros Autores: Romanová, Anita, 1973-
Formato: Livro
Idioma:eslovaco
Publicado em: Bratislava 2018
Tags: Adicionar Tag
Sem tags, seja o primeiro a adicionar uma tag!

MARC

LEADER 00000nbm a2200000 4500
001 0244813
005 20180921143047.4
041 0 |a slo 
044 |a SK 
245 1 0 |a Informačná stratégia podniku  |b diplomová práca  |c Vladislav Chren ; školiteľ: Anita Romanová 
264 1 |a Bratislava  |c 2018 
300 |a 82 s. 
100 1 |a Chren, Vladislav 
700 1 |a Romanová, Anita, 1973- 
710 2 |a Fakulta podnikového manažmentu EU. Katedra informačného manažmentu